[Event "Benidorm 2009 - Open Master Bali"]
[Site "Benidorm"]
[Date "2009.12.07"]
[Round "9.5"]
[White "Gelashvili, Tamaz"]
[Black "Calzetta Ruiz, Monica"]
[Result "1-0"]
[WhiteElo "2610"]
[BlackElo "2373"]
[PlyCount "60"]
[EventDate "2009.12.05"]
[EventType "swiss (rapid)"]
[EventRounds "11"]
[EventCountry "ESP"]
[Source "lmi"]
[SourceDate "2009.12.05"]

1. Nf3 c5 2. e3 Nf6 3. d4 g6 4. c4 d6 5. Nc3 Nbd7 6. Be2 Bg7 7. d5 O-O 8. O-O
a6 9. a4 Rb8 10. h3 Re8 11. e4 e5 12. dxe6 Rxe6 13. Qd3 h6 14. Bf4 Qf8 15. Rad1
Ne8 16. Rfe1 b6 17. Bf1 Bb7 18. h4 Bc6 19. g3 Bxc3 20. bxc3 Bxa4 21. Ra1 b5 22.
Bh3 Re7 23. Bxd6 Nxd6 24. Qxd6 Nb6 25. cxb5 Bxb5 26. Qxc5 Bd3 27. Ne5 Bb5 28.
c4 Ba4 29. Reb1 Bc2 30. Nc6 Bxe4 1-0

[Event "Benidorm 2009 - Open Master Bali"]
[Site "Benidorm"]
[Date "2009.12.08"]
[Round "10.1"]
[White "Agrest, Evgenij"]
[Black "Tiviakov, Sergei"]
[Result "1-0"]
[WhiteElo "2588"]
[BlackElo "2664"]
[PlyCount "79"]
[EventDate "2009.12.05"]
[EventType "swiss (rapid)"]
[EventRounds "11"]
[EventCountry "ESP"]
[Source "lmi"]
[SourceDate "2009.12.05"]

1. d4 Nf6 2. c4 e6 3. Nf3 b6 4. Nc3 Bb4 5. Qb3 c5 6. Bg5 Bb7 7. a3 Ba5 8. dxc5
Bxf3 9. gxf3 bxc5 10. e3 Nc6 11. O-O-O Rb8 12. Qc2 Bxc3 13. Qxc3 Qe7 14. Rg1 h6
15. Bh4 g5 16. Bg3 e5 17. Bd3 Qe6 18. Bc2 Nh5 19. Rd2 Nxg3 20. fxg3 Ke7 21.
Rgd1 Rb6 22. Be4 Rd8 23. h4 d6 24. hxg5 hxg5 25. Rh1 Rdb8 26. Rc2 Rb3 27. Qd2
Nd8 28. g4 R8b6 29. Rc3 Rxc3+ 30. Qxc3 Qd7 31. Qc2 Ne6 32. Rh7 Nf8 33. Rh2 Rb8
34. Bd5 Kf6 35. Rh8 Kg7 36. Qh2 Kf6 37. Qh6+ Ke7 38. Qxg5+ Ke8 39. Qg7 Qe7 40.
Bc6+ 1-0

[Event "Benidorm 2009 - Open Master Bali"]
[Site "Benidorm"]
[Date "2009.12.08"]
[Round "10.2"]
[White "Recuero Guerra, David"]
[Black "Glek, Igor"]
[Result "1/2-1/2"]
[WhiteElo "2494"]
[BlackElo "2522"]
[PlyCount "92"]
[EventDate "2009.12.05"]
[EventType "swiss (rapid)"]
[EventRounds "11"]
[EventCountry "ESP"]
[Source "lmi"]
[SourceDate "2009.12.05"]

1. e4 e6 2. d4 d5 3. Nc3 Nf6 4. Bg5 Bb4 5. Nge2 dxe4 6. a3 Be7 7. Bxf6 gxf6 8.
Nxe4 b6 9. Qd2 Bb7 10. N4g3 Nd7 11. O-O-O c6 12. Nh5 Bf8 13. Neg3 Qc7 14. Kb1
O-O-O 15. Qc3 Rg8 16. Be2 f5 17. Bf3 Be7 18. Rhe1 Nf6 19. Nxf6 Bxf6 20. Nh5 Bh8
21. Qe3 Rd7 22. Nf4 Rgd8 23. c3 c5 24. dxc5 Rxd1+ 25. Rxd1 Be4+ 26. Ka1 Qxc5
27. Rxd8+ Kxd8 28. Bxe4 Qxe3 29. fxe3 fxe4 30. Kb1 Ke7 31. Kc2 Kd6 32. Ne2 f5
33. g3 Bf6 34. Nd4 a6 35. Kd2 Kd5 36. b3 b5 37. Nc2 a5 38. Nd4 Bxd4 39. cxd4 e5
40. dxe5 Kxe5 41. Kc3 Kd5 42. b4 a4 43. Kb2 Kc4 44. Kc2 h5 45. h4 Kd5 46. Kd2
Kc4 1/2-1/2

[Event "Benidorm 2009 - Open Master Bali"]
[Site "Benidorm"]
[Date "2009.12.08"]
[Round "10.3"]
[White "Dreev, Alexey"]
[Black "Kovacevic, Slobodan"]
[Result "1-0"]
[WhiteElo "2655"]
[BlackElo "2379"]
[PlyCount "117"]
[EventDate "2009.12.05"]
[EventType "swiss (rapid)"]
[EventRounds "11"]
[EventCountry "ESP"]
[Source "lmi"]
[SourceDate "2009.12.05"]

1. d4 Nf6 2. c4 e6 3. Nc3 c5 4. d5 exd5 5. cxd5 d6 6. e4 g6 7. f3 Bg7 8. Nge2
O-O 9. Ng3 a6 10. a4 Nbd7 11. Be2 Re8 12. O-O h5 13. Be3 h4 14. Nh1 Nh7 15. Nf2
f5 16. Qd2 Ne5 17. Rae1 Bd7 18. f4 Nf7 19. Bd3 Rc8 20. exf5 gxf5 21. Nh3 Rxe3
22. Rxe3 Bd4 23. Kh1 Bxe3 24. Qxe3 Qf6 25. Ng5 Nhxg5 26. fxg5 Qxg5 27. Qxg5+
Nxg5 28. Rf4 Re8 29. h3 Re5 30. Kg1 Kg7 31. a5 Nh7 32. Be2 Nf6 33. Bf3 Re1+ 34.
Kf2 Ra1 35. b4 Ra3 36. Ne2 Kg6 37. Rxh4 Ra4 38. Nf4+ Kg5 39. g3 Rxb4 40. Rh8
Rb2+ 41. Ke1 Ne4 42. h4+ Kf6 43. Rh6+ Ke7 44. Rh7+ Kd8 45. Ne6+ Bxe6 46. dxe6
Nxg3 47. h5 c4 48. Rd7+ Ke8 49. Rc7 d5 50. h6 Rh2 51. h7 c3 52. Rxc3 Kd8 53.
e7+ Kd7 54. Rc8 Kxe7 55. h8=Q Rxh8 56. Rxh8 Kd6 57. Rd8+ Kc5 58. Rxd5+ Kb4 59.
Re5 1-0

[Event "Benidorm 2009 - Open Master Bali"]
[Site "Benidorm"]
[Date "2009.12.08"]
[Round "10.5"]
[White "Mellado Triviño, Juan"]
[Black "Plaskett, Harold James"]
[Result "0-1"]
[WhiteElo "2419"]
[BlackElo "2495"]
[PlyCount "84"]
[EventDate "2009.12.05"]
[EventType "swiss (rapid)"]
[EventRounds "11"]
[EventCountry "ESP"]
[Source "lmi"]
[SourceDate "2009.12.05"]

1. e4 d6 2. d4 g6 3. c4 Bg7 4. Nc3 Nf6 5. f4 O-O 6. Nf3 c5 7. dxc5 Qa5 8. Bd3
Qxc5 9. Qe2 Bg4 10. Be3 Qa5 11. O-O Nc6 12. Rac1 Nd7 13. Qd2 Rac8 14. h3 Bxf3
15. Rxf3 Bd4 16. Bxd4 Nxd4 17. Rf2 Kg7 18. Bf1 Nc6 19. e5 Rfd8 20. exd6 Nf6 21.
Nb5 Qxd2 22. Rxd2 Ne4 23. Rdd1 a6 24. d7 Rb8 25. Nc3 Nf6 26. g3 Nxd7 27. Bg2
Nc5 28. Rxd8 Rxd8 29. Bxc6 bxc6 30. Rd1 Rb8 31. Rd2 a5 32. Nd1 Ne4 33. Rd3 Rb4
34. b3 a4 35. Re3 axb3 36. axb3 Nd2 37. Rxe7 Rxb3 38. Ne3 Kf8 39. Rd7 Rxe3 40.
Rxd2 Rxg3+ 41. Kf2 Rc3 42. Rd4 c5 0-1

[Event "Benidorm 2009 - Open Master Bali"]
[Site "Benidorm"]
[Date "2009.12.08"]
[Round "11.1"]
[White "Plaskett, Harold James"]
[Black "Agrest, Evgenij"]
[Result "1-0"]
[WhiteElo "2495"]
[BlackElo "2588"]
[PlyCount "71"]
[EventDate "2009.12.05"]
[EventType "swiss (rapid)"]
[EventRounds "11"]
[EventCountry "ESP"]
[Source "lmi"]
[SourceDate "2009.12.05"]

1. e4 c6 2. d4 d5 3. exd5 cxd5 4. Bd3 Nc6 5. c3 Qc7 6. Ne2 Bg4 7. f3 Bd7 8. Qb3
Nf6 9. Na3 a6 10. Bf4 Qc8 11. Ng3 e6 12. Nb1 Na5 13. Qc2 Nc4 14. Nd2 Qc6 15.
O-O Bd6 16. Bxd6 Nxd6 17. Rae1 O-O 18. f4 Qb6 19. a4 Rfe8 20. Nf3 Qa5 21. Ra1
Rec8 22. Ne5 Be8 23. f5 Qc7 24. fxe6 fxe6 25. Rf4 Nc4 26. Bxc4 dxc4 27. Raf1
Qe7 28. Ne4 Nxe4 29. Qxe4 Bc6 30. Qe3 Bd5 31. Rf7 Qh4 32. g3 Qh5 33. Qf4 h6 34.
h4 b5 35. g4 Qxh4 36. Rxg7+ 1-0

[Event "Benidorm 2009 - Open Master Bali"]
[Site "Benidorm"]
[Date "2009.12.08"]
[Round "11.2"]
[White "Tiviakov, Sergei"]
[Black "Nyzhnyk, Ilia"]
[Result "1/2-1/2"]
[WhiteElo "2664"]
[BlackElo "2494"]
[PlyCount "112"]
[EventDate "2009.12.05"]
[EventType "swiss (rapid)"]
[EventRounds "11"]
[EventCountry "ESP"]
[Source "lmi"]
[SourceDate "2009.12.05"]

1. e4 c5 2. Nc3 e6 3. f4 a6 4. Nf3 b5 5. d4 cxd4 6. Qxd4 Bb7 7. Bd3 Qc7 8. Qf2
d6 9. Be3 Nd7 10. a3 Ngf6 11. h3 Be7 12. O-O Nc5 13. Nd2 O-O 14. Rac1 Rac8 15.
b4 Nxd3 16. cxd3 Qb8 17. Nb3 Rc7 18. Bb6 Rcc8 19. Bd4 Nd7 20. f5 Bf6 21. Bxf6
Nxf6 22. Qg3 Kh8 23. Nd4 e5 24. Nb3 Rc7 25. Qe3 Rfc8 26. Ne2 Rxc1 27. Rxc1
Rxc1+ 28. Qxc1 d5 29. exd5 Bxd5 30. Nc5 Qc8 31. Ng3 Nd7 32. Nge4 Bxe4 33. dxe4
Kg8 34. Kf2 Nxc5 35. bxc5 Qc6 36. Kf3 Kf8 37. Qc3 f6 38. g4 h6 39. h4 Ke7 40.
g5 hxg5 41. hxg5 Qe8 42. Kg4 Qc6 43. Kf3 Qe8 44. g6 Qh8 45. Kg2 Qh4 46. Qe3
Qg4+ 47. Kf2 Qh4+ 48. Ke2 Qh2+ 49. Kd1 Qg2 50. c6 Kd6 51. c7 Kxc7 52. Qc5+ Kb7
53. Qd5+ Kb6 54. Qd6+ Ka5 55. Qb4+ Kb6 56. Qd6+ Ka5 1/2-1/2

[Event "Benidorm 2009 - Open Master Bali"]
[Site "Benidorm"]
[Date "2009.12.08"]
[Round "11.3"]
[White "Glek, Igor"]
[Black "Moskalenko, Viktor"]
[Result "0-1"]
[WhiteElo "2522"]
[BlackElo "2538"]
[PlyCount "55"]
[EventDate "2009.12.05"]
[EventType "swiss (rapid)"]
[EventRounds "11"]
[EventCountry "ESP"]
[Source "lmi"]
[SourceDate "2009.12.05"]

1. e4 e6 2. f4 d5 3. e5 c5 4. Nf3 Nc6 5. c3 d4 6. Bd3 Nh6 7. Qe2 Be7 8. Na3 b6
9. Be4 Bb7 10. Nc2 Qd7 11. O-O Rd8 12. cxd4 Nxe5 13. dxe5 Bxe4 14. Ncd4 cxd4
15. Qxe4 Nf5 16. d3 Nh4 17. Nxh4 Bxh4 18. g4 Bg5 19. Qe2 Bf6 20. Qf3 Bh4 21.
Qe4 h6 22. g5 g6 23. Qf3 Qd5 24. Bd2 Qxf3 25. Rac1 hxg5 26. Rxf3 Rh5 27. fxg5
Rd7 28. Rc7 0-1

[Event "Benidorm 2009 - Open Master Bali"]
[Site "Benidorm"]
[Date "2009.12.08"]
[Round "11.4"]
[White "Illescas Cordoba, Miguel"]
[Black "Dreev, Alexey"]
[Result "0-1"]
[WhiteElo "2595"]
[BlackElo "2655"]
[PlyCount "112"]
[EventDate "2009.12.05"]
[EventType "swiss (rapid)"]
[EventRounds "11"]
[EventCountry "ESP"]
[Source "lmi"]
[SourceDate "2009.12.05"]

1. d4 d5 2. c4 c6 3. Nf3 Nf6 4. e3 Bf5 5. Nc3 e6 6. Nh4 Be4 7. f3 Bg6 8. Qb3
Qb6 9. Nxg6 hxg6 10. Bd2 Nbd7 11. O-O-O Qxb3 12. axb3 Bd6 13. h3 Nh5 14. Bd3
Ng3 15. Rhe1 a6 16. Kc2 O-O 17. Ra1 Rfe8 18. Red1 Rac8 19. c5 Bb8 20. f4 f5 21.
Be1 Ne4 22. g4 g5 23. fxg5 Nxg5 24. gxf5 e5 25. h4 Nh3 26. Bf1 exd4 27. exd4
Nf4 28. Bd2 Kf7 29. Re1 Rh8 30. Re3 Nf6 31. Rae1 Rce8 32. Rxe8 Nxe8 33. Ne2
Rxh4 34. Ng1 Rh5 35. Nf3 Rxf5 36. Bxf4 Bxf4 37. Bh3 Rf6 38. Bc8 g5 39. Rg1 Rg6
40. Bxb7 a5 41. b4 axb4 42. Kb3 Ke7 43. Kxb4 Kd7 44. Ka5 Kc7 45. Ka6 Nf6 46. b4
g4 47. Nh4 Rh6 48. Ng2 Rh2 49. Bxc6 Kxc6 50. b5+ Kc7 51. Ka7 Bg3 52. b6+ Kc6
53. Rf1 Nd7 54. Rg1 Bf2 55. Rb1 Rxg2 56. b7 Bxd4 0-1

[Event "Benidorm 2009 - Open Master Bali"]
[Site "Benidorm"]
[Date "2009.12.08"]
[Round "11.5"]
[White "Granero Roca, Antonio"]
[Black "Recuero Guerra, David"]
[Result "1/2-1/2"]
[WhiteElo "2450"]
[BlackElo "2494"]
[PlyCount "24"]
[EventDate "2009.12.05"]
[EventType "swiss (rapid)"]
[EventRounds "11"]
[EventCountry "ESP"]
[Source "lmi"]
[SourceDate "2009.12.05"]

1. d4 Nf6 2. c4 e6 3. Nf3 d5 4. Nc3 c6 5. e3 a6 6. a4 c5 7. cxd5 exd5 8. Be2
Nc6 9. O-O Be7 10. b3 O-O 11. Bb2 Bg4 12. dxc5 Bxc5 1/2-1/2